000 01490nam a2200217 u 4500
001 000003314
005 20200929150418.0
008 090707s1982 dr r 000 0 spa d
040 _aDO-SdBNP
_bspa
_cBNPHU
082 _a330.97293
_bP581a
100 1 _aPiantini Munnigh, Luis Manuel
_910409
245 1 0 _aApuntes de economía y política /
_cLuis Manuel Piantini; prólogo Willian Napoleón Liriano.
260 _aSanto Domingo :
_bAmigo del Hogar,
_c1982.
300 _a114 p. ;
_c22 cm.
505 2 _tPrisma económico --
_tPerspectiva del mercado azucarero --
_tSobre el sector industrial --
_tSobre la liquidez del sistema -
_tEl financiamiento del desarrollo --
_tUn acuerdo y un reconocimiento --
_tMedidas aplicables ante el actual estado de emergencia --
_tReflexiones económicas en relación a dos nuevos proyectos de ley --
_tEconomía y cristianismo --
_tSolución a la problemática de los vehículos de motor --
_tRecordando al poeta y restaurador Manuel Rodríguez Objío --
_tAflojémosle la soga al burro --
_tLa potranca coja --
_tLa hamaca y la colombina --
_tLa monstruosa mentira nacional --
_tCarta de dos náufragos --
_tLos poderes del Estado --
_tLa prenda de la autenticidad --
_tReflexiones económicas.
590 _aInventariado, 2018/ YL
651 4 _aRepública Dominicana
_xCondiciones Económicas
_9281
651 4 _aRepública Dominicana
_xPolítica Económica
_9643
700 1 _aLiriano, Willian Napoleón,
_epról.
_910410
910 _aValidado. Control de calidad MMOLINA
999 _c3145
_d3145